10 Największych miast, które nie są stolicami - Statystyki

Ogólne statystyki
  • Ten quiz został rozwiązany 36 razy
  • Średni wynik to 3 z 10
Statystyki odpowiedzi
Populacja Miasto % Poprawnych
17.7 mil Los Angeles
44%
17.7 mil Osaka
44%
23.0 mil São Paulo
44%
21.4 mil Lagos
28%
40.0 mil Shanghai
25%
17.4 mil Kolkata
22%
67.8 mil Guangzhou / Shenzhen
17%
19.1 mil Karachi
17%
26.6 mil Mumbai
17%
23.1 mil New York City
8%
Nie znaleziono quizów pasujących do podanych kryteriów
Rozkład punktacji
Procent ludzi z każdym wynikiem
Percentyl według liczby udzielonych odpowiedzi
Twoja historia wyników
Nie rozwiązałeś tego quizu